| 000 | 01195nam0a22003011 4500 | ||
|---|---|---|---|
| 001 | RU\INFOCOMM_322\NLR\5000092981 | ||
| 005 | 20250613103107.0 | ||
| 035 | _a(NLR Aleph) 009458582 | ||
| 090 |
_a8451975 _c8451975 |
||
| 100 | _a20121206d1987 |||y0rusy50 ca | ||
| 101 | 0 | _aeng | |
| 102 | _aRU | ||
| 105 | _ay z ||||| | ||
| 200 | 1 |
_aThe error of the biomass estimate as a function of survey parameters and the statistics of a concentration density field _fBy Z. I. Kizner |
|
| 210 |
_aM. _cAll-Union research inst. of marine fisheries a. oceanography (VNIRO) _d1987 |
||
| 215 |
_a17 л. _cграф. _d29 см |
||
| 225 | 1 |
_aInternational symposium on fisheries acoustic, June 22-26, 1987, Seattle, Washington, USA _vN 69 |
|
| 320 | _aБиблиогр.: л. 16 | ||
| 606 | 0 |
_aМоря и океаны _xБиологическая продуктивность _2nlr_sh1 |
|
| 620 | _aМосква | ||
| 686 |
_aП722.09 _2rubbk |
||
| 700 | 1 |
_aKizner _bZ. I. _gZinovij Isaakovič |
|
| 712 | 1 | 2 |
_aInternational symposium on fisheries acoustics _eSeattle, Wash. _f1987 _4570 |
| 801 | 1 |
_aRU _bNLR _c20121206 |
|
| 801 | 0 |
_aRU _bINFOCOMM _gPSBO |
|
| 852 |
_aNLR _jС91 Д-8/19 |
||
| 942 | _cBOOK | ||
| 980 | _aNB | ||